|
|
|
|
| LEADER |
00966nam a2200217 a 4500 |
| 001 |
012034352 |
| 008 |
090520s1988 enka b 000 0 eng d |
| 040 |
|
|
|a Uk
|c Uk
|d BD-DhAAL
|
| 082 |
0 |
4 |
|a 664.94
|2 20
|
| 245 |
0 |
0 |
|a Fish processing /
|c United Nations Development Fund for Women.
|
| 260 |
|
|
|a London :
|b Intermediate Technology Publications in association with the United Nations Development Fund for Women,
|c 1988.
|
| 300 |
|
|
|a 91p. :
|b ill. ;
|c 24 cm.
|
| 490 |
0 |
|
|a Food cycle technology source books ;
|v no. 4
|
| 504 |
|
|
|a Includes bibliographical references.
|
| 541 |
1 |
|
|e 00004647
|
| 650 |
|
0 |
|a Fish processing
|
| 710 |
2 |
|
|a United Nations Development Fund For Women.
|
| 830 |
|
0 |
|a Food cycle technology source books.
|
| 852 |
4 |
|
|a Ayesha Abed Library
|j General shelf
|
| 999 |
|
|
|c 8722
|d 8722
|
| 952 |
|
|
|0 0
|1 0
|2 ddc
|4 0
|6 664_940000000000000_FIS_1988
|7 0
|9 10489
|a BRACUL
|b BRACUL
|c GEN
|d 2010-05-25
|g 0.00
|l 0
|o 664.94 FIS
|p 3010004647
|r 2010-05-25
|t 1
|w 2010-05-25
|y BK
|z Not price in Register
|